Statistics for U.S. States Unscramble the Anagram

Click here to take the quiz!

General Stats

  • This quiz has been taken 659 times
  • The average score is 12 of 20

Answer Stats

AnagramState% Correct
Rid loafFlorida
83%
Magi chinMichigan
83%
Teens seenTennessee
82%
Vane adNevada
80%
In an aidIndiana
74%
Iron facialCalifornia
69%
Eel awardDelaware
66%
I go rageGeorgia
61%
At no manMontana
61%
M'lady ranMaryland
59%
In navy panelsPennsylvania
59%
Oh dank tarotNorth Dakota
54%
Look a hamOklahoma
54%
Rake bansNebraska
53%
A snow nightWashington
52%
Chaste sums satMassachusetts
50%
Wig tin variesWest Virginia
50%
No inmatesMinnesota
43%
Oh Lori cuts AnaSouth Carolina
43%
Men hear whipsNew Hampshire
36%

Score Distribution

Percentile by Number Answered

Percent of People with Each Score

Your Score History

You have not taken this quiz